|
|
|
|
| LEADER |
01203nam a2200289 a 4500 |
| 001 |
4242032 |
| 008 |
090702s1986 ilua b s001 0 eng d |
| 010 |
|
|
|a 83018113
|
| 020 |
|
|
|a 0500200947
|
| 040 |
|
|
|a DLC
|c DLC
|d DLC
|
| 082 |
0 |
0 |
|a 720/.945
|2 19
|
| 100 |
1 |
|
|a Burckhardt, Jacob,
|d 1818-1897.
|
| 240 |
1 |
0 |
|a Geschichte der Renaissance.
|l English
|
| 245 |
1 |
4 |
|a The architecture of the Italian Renaissance /
|c Jacob Burckhardt ; revised and edited by Peter Murray ; translated by James Palmes.
|
| 250 |
|
|
|a New revised ed.
|
| 260 |
|
|
|a Chicago :
|b University of Chicago Press,
|c c1986.
|
| 300 |
|
|
|a 252 p. :
|b ill. ;
|c 29 cm.
|
| 500 |
|
|
|a Translation of: Die Geschichte der Renaissance.
|
| 504 |
|
|
|a Includes bibliography & indexes.
|
| 541 |
|
|
|e 00008404
|
| 650 |
|
0 |
|a Architecture, Renaissance
|z Italy.
|
| 650 |
|
0 |
|a Architecture
|z Italy.
|
| 700 |
1 |
|
|a Murray, Peter,
|d 1920-
|
| 700 |
1 |
|
|a Palmes, J. C.
|q (James C.)
|
| 852 |
4 |
|
|a Ayesha Abed Library
|j General Shelf.
|
| 999 |
|
|
|c 1978
|d 1978
|
| 952 |
|
|
|0 0
|1 0
|2 ddc
|4 0
|6 720_945000000000000_BUR
|7 0
|9 1815
|a BRACUL
|b BRACUL
|c GEN
|d 2009-07-02
|g 0.00
|l 4
|m 6
|o 720.945 BUR
|p 3010008404
|r 2025-09-21
|s 2025-09-11
|t 1
|w 2009-07-02
|y BK
|x No price found in the accession register.
|